| 000 | 00866nam a22002417a 4500 | ||
|---|---|---|---|
| 005 | 2010092300390.0 | ||
| 008 | 100923t xxu||||| |||| 00| 0 eng d | ||
| 010 | _aENG-101544 | ||
| 020 | _c100.00 | ||
| 035 | _aEN-85077 | ||
| 037 | _bDBAD/PUB | ||
| 040 |
_adpl _bEnglish |
||
| 082 | _a294.535 | ||
| 100 |
_921271 _aSomasundaram, J.M. |
||
| 245 |
_aThe great temple at Tanjore/ _cby J.M. Somasundaram |
||
| 250 | _a4th ed | ||
| 260 |
_aThanjavur _bThnjavur Periyakoil Varavazhipattu Mandram _c2010 |
||
| 270 |
_a152/2630, Arumuga Asari Lane, South Main Street _bThanjavur _e613009 |
||
| 300 |
_a120p.: _c22cm (pbk) _bill |
||
| 700 | _921394 | ||
| 942 |
_2ddc _cEN _mSOM _h294.535 |
||
| 999 |
_c47672 _d47672 |
||